000 003170000a22001450004500
020 _a1-85049-114-3
041 0 _aENG
082 0 4 _aG 920.1 C637c
100 1 _aClifford, Nigel
245 1 0 _aChristian preachers / Nigel Clifford
260 _a[S.L] : Evangelical
300 _a319 Pag
001 11398
942 _cBK
999 _c40713
_d40713